000 00612nam a22002417a 4500
003 UA-OsUOA
001 71402
007 ta
008 20101029b un ||||| |||| 00| 0 ukr d
100 _aКрищенко В.
090 _a821.161.2
_bК82
942 _cBK
040 _aUA-OsUOA
_bukr
_cUA-OsUOA
_dUA-OsUOA
245 _aУкраїнська душа
300 _a590 с.
955 _a2
041 _aukr
080 _a821.161.2
020 _a966-578-184-7
260 _aК.
_bДніпро
_c2009
650 7 _a82 Література. Літературознавство
_2UDC
999 _c357685
_d357685